000 00301nam a22001217a 4500
008 180419b xxu||||| |||| 00| 0 eng d
041 _aeng
080 _a043.3
100 _a0
101 _aMEK-BTH
245 _aHapja Deres ne Menyre Automatike permes Smartphone Android
_cHasaj, A
942 _2udc
_cBK
999 _c45298
_d45298